| 000 | 00463nam a2200157 i 4500 | ||
|---|---|---|---|
| 001 | 32107 | ||
| 003 | ES-MaACL | ||
| 007 | t| | ||
| 008 | 030221s1906 ho ||||1| spa d | ||
| 110 | 2 |
_aHonduras. _94586 |
|
| 240 | 1 | 0 |
_aLey de amparo ( _d1906) |
| 245 | 1 | 0 |
_aLey de amparo, 1906 / _cRepública de Honduras. |
| 260 |
_aTegucigalpa : _bTipografía Nacional, _c1906. |
||
| 300 |
_aIV, 9 p. ; _c27 cm. |
||
| 852 |
_aES-MaACL _jG-3332 _q. - Encuadernado con otras obras |
||
| 999 |
_c32107 _d32107 |
||